LEADER 00964nas 2200385 c 450 001 9910893404303321 005 20260218112937.0 035 $a(CKB)5280000000195993 035 $a(DE-599)ZDB2140134-2 035 $a(OCoLC)645604273 035 $a(DE-101)025783246 035 $a(DE-599)2140134-2 035 $a(EXLCZ)995280000000195993 100 $a20040319b19891990 |y | 101 0 $ager 135 $aur||||||||||| 181 $ctxt$2rdacontent 182 $cc$2rdamedia 183 $acr$2rdacarrier 200 00$aCommon sense 210 31$aHalle$aBernburg$cEdit. Augenweide$d1989-1990 215 $aOnline-Ressource 517 $aCommonSense 608 $aZeitschrift$2gnd-content 676 $a800 676 $a700 686 $a9,11$2ssgn 686 $aAVL$qDE-30$2fid 801 0$b0355 801 1$bDE-101 801 2$b0030 906 $aJOURNAL 912 $a9910893404303321 996 $aCommon sense$9713403 997 $aUNINA